|
|
|
|
| LEADER |
01588cas a2200241 a 4500 |
| 001 |
AALejournalIMF007376 |
| 008 |
230101c9999 xx r poo 0 0eng d |
| 020 |
|
|
|c 5.00 USD
|
| 020 |
|
|
|z 9781451929461
|
| 022 |
|
|
|a 1018-5941
|
| 040 |
|
|
|a BD-DhAAL
|c BD-DhAAL
|
| 100 |
1 |
|
|a Villanueva, Delano.
|
| 245 |
1 |
0 |
|a Social and Political Factors in a Model of Endogenous Economic Growth and Distribution :
|b An Application to the Philippines /
|c Delano Villanueva.
|
| 264 |
|
1 |
|a Washington, D.C. :
|b International Monetary Fund,
|c 1996.
|
| 300 |
|
|
|a 1 online resource (44 pages)
|
| 490 |
1 |
|
|a IMF Working Papers
|
| 500 |
|
|
|a <strong>Off-Campus Access:</strong> No User ID or Password Required
|
| 500 |
|
|
|a <strong>On-Campus Access:</strong> No User ID or Password Required
|
| 506 |
|
|
|a Electronic access restricted to authorized BRAC University faculty, staff and students
|
| 520 |
3 |
|
|a This paper proposes a model of endogenous economic growth and distribution explicitly incorporating social extraction and political competition, with an application to the Philippine historical experience. The major objective is to explain developments in the distribution of national income and wealth and in the growth rate of per capita capacity output. When calibrated, the proposed model is found to be consistent with the broad contours of Philippine macroeconomic history.
|
| 538 |
|
|
|a Mode of access: Internet
|
| 830 |
|
0 |
|a IMF Working Papers; Working Paper ;
|v No. 1996/139
|
| 856 |
4 |
0 |
|z Full text available on IMF
|u http://elibrary.imf.org/view/journals/001/1996/139/001.1996.issue-139-en.xml
|z IMF e-Library
|